Statistics for Name All the Countries in Europe

Click here to take the quiz!

General Stats

  • This quiz has been taken 4,482 times
  • The average score is 32 of 45

Answer Stats

CountriesAnswer% Correct
44United Kingdom
94%
13France
90%
14Germany
88%
40Spain
88%
41Sweden
85%
12Finland
83%
33Portugal
83%
18Ireland
82%
19Italy
82%
35Russia
82%
31Norway
81%
4Belgium
78%
10Denmark
78%
15Greece
78%
32Poland
78%
43Ukraine
77%
1Albania
75%
17Iceland
75%
3Austria
74%
30Netherlands
73%
11Estonia
71%
38Slovakia
71%
42Switzerland
71%
8Croatia
70%
2Andorra
69%
5Belarus
69%
21Latvia
69%
34Romania
69%
16Hungary
68%
23Lithuania
68%
9Czech Republic
67%
39Slovenia
66%
7Bulgaria
65%
6Bosnia and Herzegovina
64%
37Serbia
63%
24Luxembourg
62%
45Vatican City
61%
20Kosovo
57%
26Malta
57%
36San Marino
57%
28Monaco
56%
29Montenegro
54%
27Moldova
53%
25Macedonia
50%
22Liechtenstein
44%

Score Distribution

Percentile by Number Answered

Percent of People with Each Score

Your Score History

You have not taken this quiz